000
00209 a2200097 4500
001
59520
100
_a
245
_a
GSPICE for windows(621.381502855369)
260
_a
UK
_b
_c
090
_c
36420
_d
36420
942
_a
NUST-CAE
_c
MONOGRAPH
_c
29359
999
_c
294593
_d
294593